Phương pháp phân tích thành phần chính trong xác định sự phân bố khoáng vật sét, oxit sắt bằng tư liệu ảnh vệ tinh LANDSAT = The method of analyzing the principal components to detect clay minerals and iron oxides distribution using images from Landsat satellite /
Guardat en:
| Autor principal: | |
|---|---|
| Format: | Article |
| Idioma: | Vietnamese |
| Etiquetes: |
Afegir etiqueta
Sense etiquetes, Sigues el primer a etiquetar aquest registre!
|
| Thư viện lưu trữ: | Thư viện Trường Đại học Đà Lạt |
|---|
| LEADER | 00957nam a2200217 4500 | ||
|---|---|---|---|
| 001 | DLU140164150 | ||
| 005 | ##20140917 | ||
| 040 | # | # | |a DLU |b vie |
| 041 | # | # | |a vie |
| 044 | # | # | |a vn |
| 100 | # | # | |a Trịnh Lê Hùng. |
| 245 | # | # | |a Phương pháp phân tích thành phần chính trong xác định sự phân bố khoáng vật sét, oxit sắt bằng tư liệu ảnh vệ tinh LANDSAT = |b The method of analyzing the principal components to detect clay minerals and iron oxides distribution using images from Landsat satellite / |c Trịnh Lê Hùng. |
| 773 | # | # | |t Tạp chí Khoa học Đại học Sư phạm TP. Hồ Chí Minh: Khoa học tự nhiên & công nghệ |g Số 51(85), 2013, tr. 148-157 |
| 920 | # | # | |a Phòng Tạp chí -- Trung tâm Thông tin - Thư viện Trường Đại học Đà Lạt |
| 900 | # | # | |a True |
| 911 | # | # | |a Hoàng Thị Huyền |
| 925 | # | # | |a G |
| 926 | # | # | |a A |
| 927 | # | # | |a BB |
| 980 | # | # | |a Thư viện Trường Đại học Đà Lạt |